Blitz: Stephen King Novels Quiz Stats

 Plays Quiz Updated Mar 9, 2016

Challenge
Share
Tweet
Embed
Score 0/56 Timer 01:00
0 Plays Today
% Correct
Carrie
80.2%
It
70%
Cujo
62.2%
The Shining
62.2%
The Stand
54.3%
Christine
43.2%
Misery
39.6%
The Dark Tower VII: The Dark Tower
37.8%
'Salem's Lot
37.4%
The Green Mile
25.7%
Pet Sematary
24.5%
The Tommyknockers
23.6%
The Dark Tower I: The Gunslinger
23.4%
Firestarter
21.6%
Cell
19.8%
Under the Dome
18.5%
Thinner
17.7%
Needful Things
16.9%
The Dead Zone
16%
Dolores Claiborne
13%
Insomnia
12.1%
The Dark Tower II: The Drawing of the Three
12%
Mr. Mercedes
11.7%
Gerald's Game
11.6%
Rose Madder
11.3%
Rage
11.2%
Dreamcatcher
10.7%
The Girl Who Loved Tom Gordon
10.7%
% Correct
Desperation
10.6%
The Dark Half
10.5%
Bag of Bones
9.8%
The Running Man
9.6%
The Dark Tower V: Wolves of the Calla
9.3%
Duma Key
9.3%
From a Buick 8
9.1%
The Long Walk
8.8%
The Dark Tower IV: Wizard and Glass
8.5%
1991 The Dark Tower III: The Waste Lands
8.4%
The Dark Tower VI: Song of Susannah
7.8%
Revival
7.3%
Dr. Sleep
6.9%
The Eyes of the Dragon
6.5%
Lisey's Story
6.3%
Joyland
5.9%
The Talisman
5.8%
The Regulators
5.8%
11/22/63
5.6%
Roadwork
5%
Blaze
4.9%
Finders Keepers
4.8%
End of Watch
4.4%
Black House
3.6%
Ur
2.5%
Cycle of the Werewolf
2.4%
The Colorado Kid
2%
The Dark Tower VIII: The Wind Through the Keyhole
2%

You're not logged in!

Compare scores with friends on all Sporcle quizzes.
Join for Free
OR
Log In

You Might Also Like...

Show Comments

Extras

Top Quizzes Today


Score Distribution

Your Account Isn't Verified!

In order to create a playlist on Sporcle, you need to verify the email address you used during registration. Go to your Sporcle Settings to finish the process.

Report this User

Report this user for behavior that violates our Community Guidelines.

Details: